| 000 | 00725nam a2200217 i 4500 | ||
|---|---|---|---|
| 001 | 64238 | ||
| 003 | ES-MaACL | ||
| 005 | 20250922162632.0 | ||
| 007 | t| | ||
| 008 | 031223s1968 sp ||||1| spa d | ||
| 100 | 0 |
_aFlores, Antonio, _d1818-1865 _951252 |
|
| 245 | 1 | 3 |
_aLa sociedad de 1850 / _cAntonio Flores ; edición y prólogo de Jorge Campos. |
| 260 |
_aMadrid : _bAlianza, _c[1968] |
||
| 300 |
_a275 p. ; _c18 cm. |
||
| 490 | 1 |
_aEl Libro de Bolsillo. Sección "Clásicos" ; _v128 |
|
| 651 | 7 |
_aEspaña- _xHistoria- _yS.XIX _2 _9142005 |
|
| 700 | 1 |
_aCampos, Jorge, _d1916-1983 _934244 |
|
| 830 | 0 | 3 |
_aEl libro de bolsillo. _pClásicos _v128 _9179723 |
| 852 |
_aES-MaACL _jC-34824 |
||
| 999 |
_c64238 _d64238 |
||